<?xml version="1.0" encoding="UTF-8"?>
<record
    xmlns:xsi="http://www.w3.org/2001/XMLSchema-instance"
    xsi:schemaLocation="http://www.loc.gov/MARC21/slim http://www.loc.gov/standards/marcxml/schema/MARC21slim.xsd"
    xmlns="http://www.loc.gov/MARC21/slim">

  <leader>00872nam a2200205Ia 4500</leader>
  <controlfield tag="003">IN-BaIIA</controlfield>
  <controlfield tag="008">211028s9999    xx            000 0 eng d</controlfield>
  <datafield tag="020" ind1=" " ind2=" ">
    <subfield code="a">0-7923-2609-1</subfield>
  </datafield>
  <datafield tag="040" ind1=" " ind2=" ">
    <subfield code="c">IIA Library</subfield>
  </datafield>
  <datafield tag="080" ind1=" " ind2=" ">
    <subfield code="a">524.382-43(063)</subfield>
    <subfield code="b">THE-2</subfield>
  </datafield>
  <datafield tag="111" ind1=" " ind2=" ">
    <subfield code="a">NATO Advanced Research Workshop on theory of Accretion Disks - 2</subfield>
    <subfield code="c">Garching</subfield>
    <subfield code="d">1993 Mar. 22-26</subfield>
    <subfield code="9">19877</subfield>
  </datafield>
  <datafield tag="245" ind1=" " ind2="0">
    <subfield code="a">Theory of accretion disks - 2</subfield>
    <subfield code="b">proceedings of the NATO advanced Research Workshop on theory of accretion disks - 2, held in Garching, Germany, 22-26 Mar 1993</subfield>
    <subfield code="c">edited by Wolfgang J Duschl..[et.al]                                          </subfield>
  </datafield>
  <datafield tag="260" ind1=" " ind2=" ">
    <subfield code="a">Dordrecht</subfield>
    <subfield code="b">Kluwer Academic</subfield>
    <subfield code="c">1994</subfield>
  </datafield>
  <datafield tag="300" ind1=" " ind2=" ">
    <subfield code="a">[various pagings.]</subfield>
  </datafield>
  <datafield tag="650" ind1=" " ind2=" ">
    <subfield code="a">Accretion disks</subfield>
    <subfield code="9">8621</subfield>
  </datafield>
  <datafield tag="700" ind1=" " ind2=" ">
    <subfield code="a">Duschl, Wolfgang J., ed.</subfield>
    <subfield code="9">19878</subfield>
  </datafield>
  <datafield tag="700" ind1=" " ind2=" ">
    <subfield code="a">Frank, Juhan., ed.</subfield>
    <subfield code="9">19879</subfield>
  </datafield>
  <datafield tag="700" ind1=" " ind2=" ">
    <subfield code="a">Meyer, Friedrich., ed.</subfield>
    <subfield code="9">19880</subfield>
  </datafield>
  <datafield tag="942" ind1=" " ind2=" ">
    <subfield code="c">BK</subfield>
  </datafield>
  <datafield tag="999" ind1=" " ind2=" ">
    <subfield code="c">11522</subfield>
    <subfield code="d">11522</subfield>
  </datafield>
  <datafield tag="952" ind1=" " ind2=" ">
    <subfield code="0">0</subfield>
    <subfield code="1">0</subfield>
    <subfield code="4">0</subfield>
    <subfield code="7">0</subfield>
    <subfield code="a">BAN</subfield>
    <subfield code="b">BAN</subfield>
    <subfield code="c">GEN</subfield>
    <subfield code="d">1995-10-16</subfield>
    <subfield code="e">ALL   </subfield>
    <subfield code="g">6330.00</subfield>
    <subfield code="l">0</subfield>
    <subfield code="o">524.382-43(063)/ THE-2</subfield>
    <subfield code="p">12437</subfield>
    <subfield code="r">2021-11-05</subfield>
    <subfield code="v">6330.00</subfield>
    <subfield code="w">1995-10-16</subfield>
    <subfield code="y">BK</subfield>
    <subfield code="G">Rs. 6330.00</subfield>
  </datafield>
</record>
